| 000 | 00921nam a22002417a 4500 | ||
|---|---|---|---|
| 999 |
_c7576 _d7576 |
||
| 003 | AR-CdUCM | ||
| 008 | 190320b ||||| |||| 00| 0 spa d | ||
| 040 |
_aMUNICIPALIDAD PROVINCIAL DEL CUSCO _cBIBLIOTECA MUNICIPAL DEL CUSCO |
||
| 082 |
_a631.4 / _bW84 |
||
| 100 |
_aWorthem, Edmund _921393 |
||
| 245 |
_aSuelos Agrícolas : _bSu conservación y fertilización / |
||
| 260 |
_aMéxico : _bHispano Americana / |
||
| 300 |
_a416 paginas : _bIlustraciones, _c23 cm. |
||
| 440 |
_aBiblioteca técnica de agricultura y ganadería _921394 |
||
| 505 | _aContenido :El suelo que nos alimenta --Los suelos, el clima y las cosechas --El conocimiento del suelo --Las labores de preparación siembra y cultivo ... | ||
| 650 |
_aCosecha _921349 |
||
| 650 |
_aCultivo _919546 |
||
| 650 |
_aSuelo _921395 |
||
| 700 |
_aSamuel R. Aldrich _921396 |
||
| 700 |
_aJose Luis de la Loma _921397 |
||
| 942 |
_2ddc _cLIBROS |
||
| 945 | _arjall | ||